1481 1662 1551 1005 1154 1824 1481 1024 1481 1221 1214 1695 1302 1619 1073 1613 1339 1508 1738 1982 1187 1067 1436 1196 1598 1327 1420 1618 1899 1062 1098 1527 1950 1327 1548 1580 1113 1403 1739 1465 1016 1149 1815 1159 1003 1685 1898 1540 1246 1535 1175 1529 1763 1837 1531 1839 1094 1985 1756 1622 1367 1863 1519 1112 1269 1558 1763 1732 1018 1026 1871 1097 1854 1874 1226 1369 1803 1858 1634 1086 1617 1347 1731 1905 1648 1299 1798 1483 1478 1261 1853 1298 1862 1977 1125 1398 1707 1121 1825 BCNSPRNW ULIB Ver.6.0+V

เปลี่ยนเป็นภาษาไทย

Change to English
 แสดงรายละเอียดบรรณานุกรม
  กลับหน้าหลัก

Brief Record : Get Marc (ISO 2709) : E-mail record : QR code < ปิดหน้าต่าง
LEADER : 00000nam 2200000uu 4500
001    13399111440
003     ULIB
008    110627s||||||||th 000 0 tha d
020    9786162360398
090    นว.^bส723ส 2554
100 0  สิทธิศักดิ์ ศรีธรรมวัฒนา
245 00 สัญญารักนาคราช/^cสิทธิศักดิ์ ศรีธรรมวัฒนา
260    นนทบุรี :^bธิงค์ บียอนด์ บุ๊คส์,^c2554
300    255 หน้า
945    ^p200^l0^i030179
995    ทศพร
999 ^a ใช้งานได้ทุกระบบ
รายการนี้ยังไม่มีแท็ก
คุณยังไม่ได้ล็อกอิน คุณสามารถมีกิจกรรมร่วมกับเว็บไซต์ได้ แต่ต้องล็อกอินก่อน ::
  ล็อกอิน

รายการสื่อสารสนเทศ

ลำดับที่ ประเภท เลขเรียก/บาร์โค้ด สถานที่ สถานะ
- ไม่พบข้อมูล -

BibComment


ยังไม่เคยถูกคอมเมนท์

คอมเมนท์ทรัพยากรรายการนี้
  คอมเมนท์: สัญญารักนาคราช สิ..


 Copyright 2026. Bcnsprnw @Library